| 000 | 00488am a2200193a 44500 | ||
|---|---|---|---|
| 003 | AR-BaBNM | ||
| 005 | 20251128204658.0 | ||
| 008 | 011101s1977 #AR|||||||||||000 | spa|| | ||
| 020 | _a84-7232-138-X | ||
| 040 | _cAR-BaBNM | ||
| 100 | 1 | _aPrim Stentill, José María | |
| 245 | 1 | 0 | _aUna granja humana |
| 260 |
_aMadrid _bEdiciones Cultura Hispánica _c1977 |
||
| 300 | _a41 p. | ||
| 650 | 4 | _aLITERATURA CONTEMPORANEA | |
| 650 | 4 | _aTEATRO ESPANOL | |
| 655 | _aLITERATURA | ||
| 942 | _cBK | ||
| 999 |
_c8374 _d8374 |
||